ARRUPE JESUIT UNIVERSITY

CORONAVIRUS -STOP THE SPREAD - CLEAN,DISINFECT,COVER

A revolution of their own : (Record no. 129749)

MARC details
000 -LEADER
fixed length control field 01595cam a2200361 a 4500
001 - CONTROL NUMBER
control field 4963005
003 - CONTROL NUMBER IDENTIFIER
control field ARRUPE
005 - DATE AND TIME OF LATEST TRANSACTION
control field 20190827104336.0
008 - FIXED-LENGTH DATA ELEMENTS--GENERAL INFORMATION
fixed length control field 970709s1998 coua b 001 0ceng
010 ## - LIBRARY OF CONGRESS CONTROL NUMBER
LC control number 97026662
020 ## - INTERNATIONAL STANDARD BOOK NUMBER
International Standard Book Number 0813333652 (alk. paper)
020 ## - INTERNATIONAL STANDARD BOOK NUMBER
International Standard Book Number 0813333660 (pbk. : alk. paper)
040 ## - CATALOGING SOURCE
Original cataloging agency DLC
Transcribing agency DLC
Modifying agency DLC
041 1# - LANGUAGE CODE
Language code of text/sound track or separate title eng
Language code of original and/or intermediate translations of text rus
043 ## - GEOGRAPHIC AREA CODE
Geographic area code e-ur---
050 00 - LIBRARY OF CONGRESS CALL NUMBER
Classification number HQ1662
Item number .R43 1998
082 00 - DEWEY DECIMAL CLASSIFICATION NUMBER
Classification number 305.42/092/247
Edition number 21
300 ## - PHYSICAL DESCRIPTION
Other physical details ill. ;
Dimensions 24 cm.
245 02 - TITLE STATEMENT
Title A revolution of their own :
Remainder of title voices of women in Soviet history /
Statement of responsibility, etc edited by Barbara Alpern Engel and Anastasia Posadskaya-Vanderbeck ; translated by Sona Hoisington.
260 ## - PUBLICATION, DISTRIBUTION, ETC. (IMPRINT)
Place of publication, distribution, etc Boulder, Colo :
Name of publisher, distributor, etc Westview Press,
Date of publication, distribution, etc 1998.
300 ## - PHYSICAL DESCRIPTION
Extent x, 236 p. :
504 ## - BIBLIOGRAPHY, ETC. NOTE
Bibliography, etc Includes bibliographical references (p. 229-230) and index.
650 #0 - SUBJECT ADDED ENTRY--TOPICAL TERM
Topical term or geographic name as entry element Women
Geographic subdivision Soviet Union
General subdivision Social conditions
-- Case studies.
9 (RLIN) 47930
650 #0 - SUBJECT ADDED ENTRY--TOPICAL TERM
Topical term or geographic name as entry element Women and communism
Geographic subdivision Soviet Union
General subdivision Case studies.
9 (RLIN) 47931
650 #0 - SUBJECT ADDED ENTRY--TOPICAL TERM
Topical term or geographic name as entry element Women
Geographic subdivision Soviet Union
General subdivision Biography.
9 (RLIN) 47932
700 1# - ADDED ENTRY--PERSONAL NAME
Personal name Engel, Barbara Alpern.
9 (RLIN) 47933
700 2# - ADDED ENTRY--PERSONAL NAME
Personal name Posadskaya-Vanderbeck, Anastasia.
9 (RLIN) 47934
700 1# - ADDED ENTRY--PERSONAL NAME
Personal name Hoisington, Sona Stephan, 1941-
9 (RLIN) 47935
856 42 - ELECTRONIC LOCATION AND ACCESS
Materials specified Contributor biographical information
Uniform Resource Identifier <a href="http://www.loc.gov/catdir/enhancements/fy0832/97026662-b.html">http://www.loc.gov/catdir/enhancements/fy0832/97026662-b.html</a>
856 42 - ELECTRONIC LOCATION AND ACCESS
Materials specified Publisher description
Uniform Resource Identifier <a href="http://www.loc.gov/catdir/enhancements/fy0832/97026662-d.html">http://www.loc.gov/catdir/enhancements/fy0832/97026662-d.html</a>
906 ## - LOCAL DATA ELEMENT F, LDF (RLIN)
a 7
b cbc
c orignew
d 1
e ocip
f 19
g y-gencatlg
942 ## - ADDED ENTRY ELEMENTS (KOHA)
Source of classification or shelving scheme Library of Congress Classification
Koha item type Monograph ( Printed materials)
Holdings
Withdrawn status Lost status Source of classification or shelving scheme Damaged status Not for loan Collection code Home library Current library Shelving location Date acquired Total Checkouts Full call number Barcode Date last seen Price effective from Koha item type
    Library of Congress Classification     Main Collection ARRUPE LIBRARY ARRUPE LIBRARY Main Collection 27/08/2019   HQ1662 .R43 1998 46600005214 27/08/2019 27/08/2019 Monograph ( Printed materials)

 

Arrupe Library. PO Box MP320 Mt Pleasant, Harare, Zimbabwe
263 242 745411|librarian@aju.ac.zw